Acid stress and aquatic microbial interactions
Αποθηκεύτηκε σε:
| Άλλοι συγγραφείς: | |
|---|---|
| Μορφή: | Βιβλίο |
| Γλώσσα: | English |
| Δημοσίευση: |
Boca Raton :
CRC Press,
1989
|
| Θέματα: | |
| Ετικέτες: |
Προσθήκη ετικέτας
Δεν υπάρχουν, Καταχωρήστε ετικέτα πρώτοι!
|
MARC
| LEADER | 00000nam a2200000 i 4500 | ||
|---|---|---|---|
| 001 | 1/80758 | ||
| 008 | 080407s1989 eng d | ||
| 020 | |a 0-8493-5168-5 | ||
| 035 | |l 10096296 | ||
| 040 | |a GR-MY-UA |b gre |e aacr | ||
| 041 | 0 | |a eng | |
| 082 | 0 | |a 576.15 |2 (22) | |
| 245 | 1 | 0 | |a Acid stress and aquatic microbial interactions / |c edited by Salem S. Rao |
| 260 | |a Boca Raton : |b CRC Press, |c 1989 | ||
| 300 | |a 176 σ.; |b διαγρ.; |c 26 εκ. | ||
| 504 | |a Βιβλιογραφία: σ. 165-169 | ||
| 504 | |a Ευρετήριο: σ. 171-176 | ||
| 650 | 0 | 0 | |a Freshwater microbiology. |
| 650 | 0 | 0 | |a Acid rain |x Environmental aspects. |
| 650 | 0 | 0 | |a Microbial ecology. |
| 700 | 1 | |a Rao, S. S. |4 edt | |
| 852 | |a INST |b LESVOS |e 20080407 |h 576.15 ACI |p 005100042431 |q 005100042431 |t BK |y 0 | ||
| 901 | |a BIBL1-2008-1 | ||
| 909 | |a Λ |b 143305 | ||
| 922 | |a 1ΕΛΗ |b 200712 |c ΕΠΕΑΕΚ2/ΤΕΘ |d ΠΑΠΑΣΩΤΗΡΙΟΥ | ||
| 970 | |a ΧΑΤΖΗΜΙΧΑΗΛ |b ΜΑΡΙΑ |z 2008/04/07 | ||